Top 10 dei paesi con decessi Covid-19 - 30 aprile - Statistics

Statistiche generali
  • Questo quiz è stato fatto 7 volte
  • Il punteggio medio è 8 su 13
Statistiche sulle risposte
nazione % Corretto
Francia
100%
Germania
100%
Italia
100%
Regno Unito
100%
Stati Uniti
100%
Spagna
86%
Belgio
57%
Paesi Bassi
57%
Svezia
43%
Brasile
29%
Irlanda
29%
Svizzera
29%
Iran
14%
Nessun quiz corrispondente trovato
Distribuzione punteggi
Percentuale di utenti per punteggio
Percentile per numero di risposta
I tuoi punteggi nel tempo
Non hai fatto questo quiz